Szczegóły MARC21

Instytucje rynku finansowego w Polsce : praca zbiorowa /

003 -Nazwa inst., której nr kontr. jest w polu 001 [,]
    • @
    • Nazwa instytucji, której n kontrolny jest w polu 001
    • NUKAT
005 -DATA I CZAS OSTATNIEJ MODYFIKACJI [,]
    • @
    • pole kontrolne
    • 20241231092753.0
020 -Międzynarod. znormalizowany nr książki - ISBN [ , ]
    • a
    • Numer ISBN
    • 9788360089620 Find
040 -Instytucja sporządzająca opis [ , ]
    • a
    • Instytucja, która sporządziła opis (NP)
    • WA U/91UKP
    • b
    • Język katalogowania
    • pol
    • e
    • Zasady katalogowania
    • rda
    • c
    • Instytucja, która sporządziła rekord (NP)
    • WA U/UKP
    • d
    • Instytucja, która zmodyfikowała rekord (P)
    • WA U/91IOs
    • d
    • Instytucja, która zmodyfikowała rekord (P)
    • WA U/EAD
    • d
    • Instytucja, która zmodyfikowała rekord (P)
    • GL 001/FAN
942 -Rodzaj dokumentu [ , ]
    • c
    • Rodzaj dokumentu
    • Książka
245 -Strefa tytułu i oznaczenia odpowiedzialności [0,0]
    • a
    • Tytuł
    • Instytucje rynku finansowego w Polsce : Find
    • b
    • Ciąg dalszy tytułu (NP)
    • praca zbiorowa / Find
    • c
    • Pozostałe elementy strefy tytułu i oznaczenia odpowiedzialności (NP)
    • pod redakcją naukową Anny Szelągowskiej.
250 -Strefa wydania [ , ]
    • a
    • Oznaczenie wydania (NP)
    • Wydanie I.
260 -Strefa adresu wydawniczego [ , ]
    • a
    • Miejsce wydania (P)
    • Warszawa :
    • b
    • Nazwa wydawcy (P)
    • CeDeWu,
    • c
    • Data wydania (P)
    • 2007.
300 -Strefa opisu fizycznego [ , ]
    • a
    • Określenie formy książki i/lub objętość (NP)
    • 573 strony :
    • b
    • Oznaczenie ilustracji (NP)
    • ilustracje ;
    • c
    • Format (NP)
    • 24 cm.
336 -Typ zawartości [ , ]
    • a
    • Termin opisujący typ zawartości
    • Tekst
    • b
    • Kod określający zawartość
    • txt
    • 2
    • Źródło (terminu i kodu)
    • rdacontent
337 -Typ mediów [ , ]
    • a
    • Tryb odtwarzania
    • Bez urządzenia pośredniczącego
    • b
    • Kod typu mediów
    • n
    • 2
    • Źródło (terminu i kodu)
    • rdamedia
338 -Typ/rodzaj nośnika [ , ]
    • a
    • Hasło opisujące typ nośnika
    • Wolumin
    • b
    • Kod typu nośnika
    • nc
    • 2
    • Źródło (terminu i kodu)
    • rdacarrier
504 -Uwaga dot. bibliogr. załącznikowej [ , ]
    • a
    • Uwaga dot. bibliografii załącznikowej
    • Bibliografia na stronach 557-573.
536 -Uwaga dot. finansowania książki [ , ]
    • a
    • Tekst uwagi
    • Wydanie publikacji dofinansowane ze środków pracy badawczej realizowanej w Politechnice Białostockiej w latach 2006-2007
    • d
    • Numer programu, zadania, pracy
    • 2375/II/B
080 -Uniwersalna Klasyfikacja Dziesiętna [ , ]
    • 2
    • Identyfikator wydania tablic
    • UDC-P058
    • a
    • Symbol klasyfikacji
    • 336.7
    • b
    • Dopowiedzenie
    • Pieniądz. System monetarny. Bankowość. Giełdy.
    • x
    • Poddział wspólny
    • (438)
    • b
    • Dopowiedzenie
    • (Polska).
    • x
    • Poddział wspólny
    • "1989/..."
650 -Hasło przedmiotowe [ ,7]
    • a
    • Hasło przedmiotowe
    • Instytucje finansowe
    • z
    • Określnik geograficzny
    • Polska
    • y
    • Określnik chronologiczny
    • 1990-.
    • 2
    • Źródło terminu
    • kaba
    • 9
    • KHW
    • 380598
650 -Hasło przedmiotowe [ ,7]
    • a
    • Hasło przedmiotowe
    • Rynek kapitałowy
    • z
    • Określnik geograficzny
    • Polska
    • y
    • Określnik chronologiczny
    • 1990-.
    • 2
    • Źródło terminu
    • kaba
    • 9
    • KHW
    • 364717
980 -Symbol UKD [ , ]
    • a
    • UKD
    • 336.7(438)"1989/..."
700 -Hasło dodatkowe - nazwa osobowa [1, ]
    • a
    • Nazwa osobowa (NP)
    • Szelągowska, Anna. Find
    • e
    • Określenie rodzaju współpracy
    • Redakcja
    • 9
    • KHW
    • 7453
710 -Hasło dodatkowe - nazwa ciała zbiorowego [2, ]
    • a
    • Nazwa ciała zbiorowego lub nazwa geograficzna jako pierwszy element (NP)
    • CeDeWu.
    • e
    • Rodzaj współpracy
    • Wydawca
    • 4
    • Kod relacji
    • pbl
    • 9
    • KHW
    • 51194
856 -Dostęp do wersji elektronicznej [4,8]
920 -ISBN [ , ]
    • a
    • ISBN
    • 978-83-60089-62-0 Find
Lokalizacja Data inwentaryzacji Sygnatura Numer inwentarzowy Status udost.
BE2007-07-06 E.70830-2
BE2008-01-18 S.93057-2
GW2016-02-25336GW.6524-3
GW2016-02-25336GW.6523-2
T2007-08-30T.9591T.9591-2
T2017-12-05TM.13634TM.13634-2